| 000 | 00684nam a2200217 i 4500 | ||
|---|---|---|---|
| 001 | 9167 | ||
| 003 | ES-MaACL | ||
| 005 | 20230906145624.0 | ||
| 007 | t| | ||
| 008 | 930521s1987 it b |||| | ita d | ||
| 080 | _a025.48:016 | ||
| 100 | 1 |
_aRizzo, Stefano. _997759 |
|
| 245 | 1 | 0 |
_aBibliografia Internazionale di Thesauri _b= International Bibliography of Thesauri / _cStefano Rizzo. |
| 246 | 3 | 1 | _aInternational Bibliography of Thesauri |
| 260 |
_aRoma : _bCamera dei Deputati, _c1987. |
||
| 300 |
_aXXVI, 132 p. ; _c24 cm. |
||
| 500 | _aÍndices. | ||
| 650 | 1 | 4 |
_aTesauros- _xBibliografías. _917515 |
| 710 | 1 |
_aItalia. _bCamera dei Deputati. _95306 |
|
| 852 |
_aES-MaACL _jL-16301 |
||
| 999 |
_c9167 _d9167 |
||